00981nam a2200217 a 450000100100000000500170001000800410002704000250006808200160009310000350010924500930014426000360023730000300027350400360030370000350033904900090037495201290038395201140051295201200062699900170074600001717020200929165035.0100319s1989 dr c 000 0 spa d aDO-SdBNPbspacBNPHU axxxxbC726c1 aColumna Medina, Romelia93780110aComunicación entre padres e hijos /cRomelia Columna Medina ; prólogo Nidia Marcelo. aSanto Domingo :bTrevol,c1989. a72 p. :bretrs. ;c21 cm. aIncluye bibliografías (p. 72)1 aMarcelo, Nidia,epról.91256 aBNPD 001054708DSaGRbGRcCTd2011-04-01iLF1l0oxxxx C726cp17170-30r2020-06-25te. 3w2020-06-25yLFDSZPréstamo en sala 0010718PDaPDbPDcCTd2010-03-19iLF1l0oxxxx C726cp17170-10r2020-06-25w2020-06-25yLFPDZNo se presta 0010718PDaPDbPDcCTd2010-04-20iLF1l0oxxxx C726cp17170-20r2020-06-25te. 2w2020-06-25yLFPDZNo se presta c16696d16696